| 000 | 00907nmc a2200301 a 4500 | ||
|---|---|---|---|
| 003 | AR-BaBNM | ||
| 005 | 20251128203229.0 | ||
| 008 | 307019s1969 ||||||||||||||000 | spa|| | ||
| 040 | _cAR-BaBNM | ||
| 100 | 1 |
_aCampo, Estanislao del _d1834-1880 |
|
| 245 | 1 | 0 |
_aFausto _bimpresiones del gaucho Anastasio el pollo en la representación de esta ópera |
| 260 |
_aBuenos Aires _bEdicom _c1969 |
||
| 300 | 0 |
_a98 p. _bil. |
|
| 490 | 0 | _aLos arquetipos de la literatura argentina | |
| 500 | 0 | _aContiene referencias bibliográficas en p. 93 | |
| 650 | 4 | _aLITERATURA ARGENTINA | |
| 650 | 4 | _aOPERA | |
| 650 | 4 | _aPOESIA | |
| 650 | 4 | _aESCRITORES | |
| 653 | 0 | _aGAUCHOS | |
| 653 | 0 | _aLITERATURA GAUCHESCA | |
| 655 | _aLITERATURA | ||
| 700 | 1 |
_aBorges, Jorge Luis _eprologuista |
|
| 700 | 1 |
_aBecco, Horacio Jorge _eeditor |
|
| 700 | 1 |
_aWerffeli, Jorge Enrique _eilustrador |
|
| 942 | _cBK | ||
| 998 | _cMARTIN | ||
| 999 |
_c2500 _d2500 |
||